<?xml version="1.0" encoding="UTF-8"?>
<collection xmlns="http://www.loc.gov/MARC21/slim">
 <record>
  <leader>04267cam a2200865   4500</leader>
  <controlfield tag="001">846158884</controlfield>
  <controlfield tag="003">DE-627</controlfield>
  <controlfield tag="005">20231017025514.0</controlfield>
  <controlfield tag="007">tu</controlfield>
  <controlfield tag="008">160120s2016    gw |||||      00| ||ger c</controlfield>
  <datafield tag="015" ind1=" " ind2=" ">
   <subfield code="a">16,N02</subfield>
   <subfield code="2">dnb</subfield>
  </datafield>
  <datafield tag="016" ind1="7" ind2=" ">
   <subfield code="a">108049586X</subfield>
   <subfield code="2">DE-101</subfield>
  </datafield>
  <datafield tag="020" ind1=" " ind2=" ">
   <subfield code="a">3791727575</subfield>
   <subfield code="c"> : : EUR 27.70 (AT)</subfield>
   <subfield code="9">3-7917-2757-5</subfield>
  </datafield>
  <datafield tag="020" ind1=" " ind2=" ">
   <subfield code="a">9783791727578</subfield>
   <subfield code="c">: EUR 27.70 (AT), EUR 25.00 (DE)</subfield>
   <subfield code="9">978-3-7917-2757-8</subfield>
  </datafield>
  <datafield tag="024" ind1="3" ind2=" ">
   <subfield code="a">9783791727578</subfield>
  </datafield>
  <datafield tag="035" ind1=" " ind2=" ">
   <subfield code="a">(DE-627)846158884</subfield>
  </datafield>
  <datafield tag="035" ind1=" " ind2=" ">
   <subfield code="a">(DE-576)455730865</subfield>
  </datafield>
  <datafield tag="035" ind1=" " ind2=" ">
   <subfield code="a">(DE-599)DNB108049586X</subfield>
  </datafield>
  <datafield tag="035" ind1=" " ind2=" ">
   <subfield code="a">(OCoLC)934809517</subfield>
  </datafield>
  <datafield tag="035" ind1=" " ind2=" ">
   <subfield code="a">(OCoLC)934809517</subfield>
  </datafield>
  <datafield tag="035" ind1=" " ind2=" ">
   <subfield code="a">(OCoLC)951014534</subfield>
  </datafield>
  <datafield tag="040" ind1=" " ind2=" ">
   <subfield code="a">DE-627</subfield>
   <subfield code="b">ger</subfield>
   <subfield code="c">DE-627</subfield>
   <subfield code="e">rda</subfield>
  </datafield>
  <datafield tag="041" ind1=" " ind2=" ">
   <subfield code="a">ger</subfield>
  </datafield>
  <datafield tag="044" ind1=" " ind2=" ">
   <subfield code="c">XA-DE-BY</subfield>
  </datafield>
  <datafield tag="050" ind1=" " ind2="0">
   <subfield code="a">BX3506.3</subfield>
  </datafield>
  <datafield tag="082" ind1="0" ind2=" ">
   <subfield code="a">271.2</subfield>
   <subfield code="q">DE-101</subfield>
   <subfield code="2">22/ger</subfield>
  </datafield>
  <datafield tag="082" ind1="0" ind2="4">
   <subfield code="a">230</subfield>
   <subfield code="a">943</subfield>
   <subfield code="q">DE-101</subfield>
  </datafield>
  <datafield tag="082" ind1="0" ind2="4">
   <subfield code="a">900</subfield>
  </datafield>
  <datafield tag="084" ind1=" " ind2=" ">
   <subfield code="a">8</subfield>
   <subfield code="2">ssgn</subfield>
  </datafield>
  <datafield tag="084" ind1=" " ind2=" ">
   <subfield code="a">1</subfield>
   <subfield code="a">9,10</subfield>
   <subfield code="2">ssgn</subfield>
  </datafield>
  <datafield tag="084" ind1=" " ind2=" ">
   <subfield code="a">NV 5235</subfield>
   <subfield code="q">BVB</subfield>
   <subfield code="2">rvk</subfield>
   <subfield code="0">(DE-625)rvk/131865:</subfield>
  </datafield>
  <datafield tag="084" ind1=" " ind2=" ">
   <subfield code="a">BO 1750</subfield>
   <subfield code="q">BVB</subfield>
   <subfield code="2">rvk</subfield>
   <subfield code="0">(DE-625)rvk/14026:</subfield>
  </datafield>
  <datafield tag="084" ind1=" " ind2=" ">
   <subfield code="a">11.50</subfield>
   <subfield code="2">bkl</subfield>
  </datafield>
  <datafield tag="084" ind1=" " ind2=" ">
   <subfield code="a">11.52</subfield>
   <subfield code="2">bkl</subfield>
  </datafield>
  <datafield tag="084" ind1=" " ind2=" ">
   <subfield code="a">11.71</subfield>
   <subfield code="2">bkl</subfield>
  </datafield>
  <datafield tag="084" ind1=" " ind2=" ">
   <subfield code="a">11.54</subfield>
   <subfield code="2">bkl</subfield>
  </datafield>
  <datafield tag="084" ind1=" " ind2=" ">
   <subfield code="a">11.73</subfield>
   <subfield code="2">bkl</subfield>
  </datafield>
  <datafield tag="245" ind1="1" ind2="0">
   <subfield code="a">Mehr als Schwarz und Weiß</subfield>
   <subfield code="b">800 Jahre Dominikanerorden</subfield>
   <subfield code="c">Elias H. Füllenbach (Hg.) ; unter Mitarbeit von Susanne Biber</subfield>
  </datafield>
  <datafield tag="246" ind1="3" ind2="0">
   <subfield code="a">achthundert</subfield>
  </datafield>
  <datafield tag="263" ind1=" " ind2=" ">
   <subfield code="a">201604</subfield>
  </datafield>
  <datafield tag="264" ind1=" " ind2="1">
   <subfield code="a">Regensburg</subfield>
   <subfield code="b">Verlag Friedrich Pustet</subfield>
   <subfield code="c">[2016]</subfield>
  </datafield>
  <datafield tag="264" ind1=" " ind2="4">
   <subfield code="c">© 2016</subfield>
  </datafield>
  <datafield tag="300" ind1=" " ind2=" ">
   <subfield code="a">359 Seiten</subfield>
   <subfield code="b">Illustrationen, Pläne, Karten</subfield>
   <subfield code="c">23.3 cm x 15.7 cm</subfield>
  </datafield>
  <datafield tag="336" ind1=" " ind2=" ">
   <subfield code="a">Text</subfield>
   <subfield code="b">txt</subfield>
   <subfield code="2">rdacontent</subfield>
  </datafield>
  <datafield tag="337" ind1=" " ind2=" ">
   <subfield code="a">ohne Hilfsmittel zu benutzen</subfield>
   <subfield code="b">n</subfield>
   <subfield code="2">rdamedia</subfield>
  </datafield>
  <datafield tag="338" ind1=" " ind2=" ">
   <subfield code="a">Band</subfield>
   <subfield code="b">nc</subfield>
   <subfield code="2">rdacarrier</subfield>
  </datafield>
  <datafield tag="583" ind1="1" ind2=" ">
   <subfield code="a">Archivierung/Langzeitarchivierung gewährleistet</subfield>
   <subfield code="f">SSG</subfield>
   <subfield code="2">pdager</subfield>
   <subfield code="5">DE-21</subfield>
  </datafield>
  <datafield tag="610" ind1="1" ind2="0">
   <subfield code="a">Dominicans</subfield>
   <subfield code="x">History</subfield>
  </datafield>
  <datafield tag="655" ind1=" " ind2="7">
   <subfield code="a">Aufsatzsammlung</subfield>
   <subfield code="0">(DE-588)4143413-4</subfield>
   <subfield code="0">(DE-627)105605727</subfield>
   <subfield code="0">(DE-576)209726091</subfield>
   <subfield code="2">gnd-content</subfield>
  </datafield>
  <datafield tag="655" ind1=" " ind2="7">
   <subfield code="a">Festschrift</subfield>
   <subfield code="0">(DE-588)4016928-5</subfield>
   <subfield code="0">(DE-627)104400986</subfield>
   <subfield code="0">(DE-576)208917802</subfield>
   <subfield code="2">gnd-content</subfield>
  </datafield>
  <datafield tag="689" ind1="0" ind2="0">
   <subfield code="d">b</subfield>
   <subfield code="0">(DE-588)1008640-7</subfield>
   <subfield code="0">(DE-627)103129065</subfield>
   <subfield code="0">(DE-576)191178632</subfield>
   <subfield code="a">Dominikaner</subfield>
   <subfield code="2">gnd</subfield>
  </datafield>
  <datafield tag="689" ind1="0" ind2="1">
   <subfield code="a">z</subfield>
   <subfield code="2">gnd</subfield>
   <subfield code="a">Geschichte</subfield>
  </datafield>
  <datafield tag="689" ind1="0" ind2=" ">
   <subfield code="5">DE-101</subfield>
  </datafield>
  <datafield tag="700" ind1="1" ind2=" ">
   <subfield code="a">Füllenbach, Elias H.</subfield>
   <subfield code="d">1977-</subfield>
   <subfield code="e">HerausgeberIn</subfield>
   <subfield code="0">(DE-588)128783400</subfield>
   <subfield code="0">(DE-627)518671038</subfield>
   <subfield code="0">(DE-576)297330918</subfield>
   <subfield code="4">edt</subfield>
  </datafield>
  <datafield tag="700" ind1="1" ind2=" ">
   <subfield code="a">Biber, Susanne</subfield>
   <subfield code="e">MitwirkendeR</subfield>
   <subfield code="0">(DE-588)1011412462</subfield>
   <subfield code="0">(DE-627)704772833</subfield>
   <subfield code="0">(DE-576)343136430</subfield>
   <subfield code="4">ctb</subfield>
  </datafield>
  <datafield tag="710" ind1="2" ind2=" ">
   <subfield code="a">Verlag Friedrich Pustet</subfield>
   <subfield code="e">Verlag</subfield>
   <subfield code="0">(DE-588)2011020-0</subfield>
   <subfield code="0">(DE-627)101713649</subfield>
   <subfield code="0">(DE-576)191657697</subfield>
   <subfield code="4">pbl</subfield>
  </datafield>
  <datafield tag="710" ind1="2" ind2=" ">
   <subfield code="a">Dominikaner</subfield>
   <subfield code="e">GefeierteR</subfield>
   <subfield code="0">(DE-588)1008640-7</subfield>
   <subfield code="0">(DE-627)103129065</subfield>
   <subfield code="0">(DE-576)191178632</subfield>
   <subfield code="4">hnr</subfield>
  </datafield>
  <datafield tag="787" ind1="0" ind2="8">
   <subfield code="i">Rezensiert in</subfield>
   <subfield code="a">Schmiedl, Joachim, 1958 - 2021</subfield>
   <subfield code="t">[Rezension von: Mehr als Schwarz und Weiß]</subfield>
   <subfield code="d">2016</subfield>
   <subfield code="w">(DE-627)1783531088</subfield>
  </datafield>
  <datafield tag="787" ind1="0" ind2="8">
   <subfield code="i">Rezensiert in</subfield>
   <subfield code="a">Arras, Yvonne, 1986 - </subfield>
   <subfield code="t">[Rezension von: Elias H. Füllenbach (Hrsg.), Mehr als Schwarz und Weiß. 800 Jahre Dominikanerorden]</subfield>
   <subfield code="d">2016</subfield>
   <subfield code="w">(DE-627)1843518481</subfield>
  </datafield>
  <datafield tag="856" ind1="4" ind2="2">
   <subfield code="u">https://swbplus.bsz-bw.de/bsz455730865rez.htm</subfield>
   <subfield code="m">B:DE-576;DE-16</subfield>
   <subfield code="q">application/pdf</subfield>
   <subfield code="v">20160919124702</subfield>
   <subfield code="x">Verlag</subfield>
   <subfield code="3">Rezension</subfield>
  </datafield>
  <datafield tag="856" ind1="4" ind2="2">
   <subfield code="u">https://swbplus.bsz-bw.de/bsz455730865kla.htm</subfield>
   <subfield code="m">B:DE-576;DE-21</subfield>
   <subfield code="q">application/pdf</subfield>
   <subfield code="v">20160805111422</subfield>
   <subfield code="x">Verlag</subfield>
   <subfield code="3">Klappentext</subfield>
  </datafield>
  <datafield tag="856" ind1="4" ind2="2">
   <subfield code="u">https://swbplus.bsz-bw.de/bsz455730865inh.htm</subfield>
   <subfield code="m">B:DE-576;DE-21</subfield>
   <subfield code="q">application/pdf</subfield>
   <subfield code="v">20160805111422</subfield>
   <subfield code="x">Verlag</subfield>
   <subfield code="3">Inhaltsverzeichnis</subfield>
  </datafield>
  <datafield tag="935" ind1=" " ind2=" ">
   <subfield code="i">Blocktest</subfield>
  </datafield>
  <datafield tag="936" ind1="r" ind2="v">
   <subfield code="a">NV 5235</subfield>
   <subfield code="b">Dominikaner, Dominikanerinnen</subfield>
   <subfield code="k">Religions- und Kirchengeschichte</subfield>
   <subfield code="k">Geschichte der katholischen Kirche</subfield>
   <subfield code="k">Geschichte des Mönchtums und des Klosterwesens</subfield>
   <subfield code="k">Dominikaner, Dominikanerinnen</subfield>
   <subfield code="0">(DE-627)1271539322</subfield>
   <subfield code="0">(DE-625)rvk/131865:</subfield>
   <subfield code="0">(DE-576)201539322</subfield>
  </datafield>
  <datafield tag="936" ind1="r" ind2="v">
   <subfield code="a">BO 1750</subfield>
   <subfield code="b">Einzelne Orden (CSN des Namens)</subfield>
   <subfield code="k">Patrologie und Kirchengeschichte</subfield>
   <subfield code="k">Kirchengeschichte nach Sachgebieten</subfield>
   <subfield code="k">Ordensgeschichte</subfield>
   <subfield code="k">Darstellungen:</subfield>
   <subfield code="k">Einzelne Orden (CSN des Namens)</subfield>
   <subfield code="0">(DE-627)1270653458</subfield>
   <subfield code="0">(DE-625)rvk/14026:</subfield>
   <subfield code="0">(DE-576)200653458</subfield>
  </datafield>
  <datafield tag="936" ind1="b" ind2="k">
   <subfield code="a">11.50</subfield>
   <subfield code="j">Kirchengeschichte</subfield>
   <subfield code="j">Dogmengeschichte</subfield>
   <subfield code="0">(DE-627)106403877</subfield>
  </datafield>
  <datafield tag="936" ind1="b" ind2="k">
   <subfield code="a">11.52</subfield>
   <subfield code="j">Mittelalterliches Christentum</subfield>
   <subfield code="0">(DE-627)10641965X</subfield>
  </datafield>
  <datafield tag="936" ind1="b" ind2="k">
   <subfield code="a">11.71</subfield>
   <subfield code="j">Seelsorge</subfield>
   <subfield code="0">(DE-627)106412620</subfield>
  </datafield>
  <datafield tag="936" ind1="b" ind2="k">
   <subfield code="a">11.54</subfield>
   <subfield code="j">Katholizismus</subfield>
   <subfield code="0">(DE-627)106402668</subfield>
  </datafield>
  <datafield tag="936" ind1="b" ind2="k">
   <subfield code="a">11.73</subfield>
   <subfield code="j">Kirchenorganisation</subfield>
   <subfield code="x">Religionswissenschaft</subfield>
   <subfield code="0">(DE-627)106402617</subfield>
  </datafield>
  <datafield tag="951" ind1=" " ind2=" ">
   <subfield code="a">BO</subfield>
  </datafield>
  <datafield tag="990" ind1=" " ind2=" ">
   <subfield code="a">Dominikaner</subfield>
  </datafield>
  <datafield tag="990" ind1=" " ind2=" ">
   <subfield code="a">Geschichte</subfield>
  </datafield>
  <datafield tag="991" ind1=" " ind2=" ">
   <subfield code="a">Rezensiertes Werk</subfield>
  </datafield>
  <datafield tag="999" ind1=" " ind2=" ">
   <subfield code="a">KXP-PPN846158884</subfield>
   <subfield code="e">4323159803</subfield>
  </datafield>
 </record>
</collection>
